[Event "Olympiad-44"]
[Site "Chennai"]
[Date "2022.08.08"]
[Round "10.3"]
[White "Razanadrakotoarisoa, Toavina"]
[Black "Anhwere, Benard"]
[Result "1-0"]
[WhiteElo "2039"]
[BlackElo "1890"]
[PlyCount "57"]
[EventDate "2022.07.29"]
[EventType "team-swiss"]
[EventRounds "11"]
[EventCountry "IND"]
[SourceTitle "CBM 210"]
[Source "ChessBase"]
[SourceDate "2022.10.31"]
[SourceVersion "1"]
[SourceVersionDate "2022.10.31"]
[SourceQuality "1"]
[WhiteTeam "Madagascar"]
[BlackTeam "Ghana"]
[WhiteTeamCountry "MAD"]
[BlackTeamCountry "GHA"]

1. e4 c5 2. Nf3 d6 3. d4 cxd4 4. Nxd4 Nf6 5. Nc3 a6 6. a4 e5 7. Nf3 Bg4 8. Bg5 Be7 9. Bxf6 Bxf6 10. Nd5 Nc6 11. c3 0-0 12. Be2 Rc8 13. Nd2 Be6 14. Nc4 Bxd5 15. Qxd5 Be7 16. 0-0 Kh8 17. Rad1 f5 18. exf5 Rf6 19. b4 Qc7 20. b5 axb5 21. axb5 Na5 22. b6 Qc5 23. Nxa5 Qxb6 24. Rb1 Qc5 25. Qxc5 Rxc5 26. Rxb7 Bf8 27. Nc4 Rxf5 28. Rd1 d5 29. Ne3 1-0

[Event "Olympiad-44"]
[Site "Chennai"]
[Date "2022.08.03"]
[Round "6.2"]
[White "Diaz Rosas, Julio Cesar"]
[Black "Razanadrakotoarisoa, Toavina"]
[Result "0-1"]
[WhiteElo "2328"]
[BlackElo "2039"]
[PlyCount "84"]
[EventDate "2022.07.29"]
[EventType "team-swiss"]
[EventRounds "11"]
[EventCountry "IND"]
[SourceTitle "CBM 210"]
[Source "ChessBase"]
[SourceDate "2022.10.31"]
[SourceVersion "1"]
[SourceVersionDate "2022.10.31"]
[SourceQuality "1"]
[WhiteTeam "Mexico"]
[BlackTeam "Madagascar"]
[WhiteTeamCountry "MEX"]
[BlackTeamCountry "MAD"]

1. d4 Nf6 2. c4 c5 3. d5 d6 4. Nc3 e6 5. e4 exd5 6. cxd5 g6 7. f4 Bg7 8. e5 Nfd7 9. Nb5 dxe5 10. Nd6+ Ke7 11. Nxc8+ Qxc8 12. Nf3 Re8 13. Bc4 Kf8 14. 0-0 e4 15. Ng5 Bd4+ 16. Kh1 h6 17. f5 hxg5 18. fxg6 f6 19. Qh5 Ke7 20. g7 Kd6 21. Bxg5 fxg5 22. Qg6+ Kc7 23. Rf7 Rg8 24. Raf1 Qe8 25. Qxg5 Rxg7 26. Rxg7 Bxg7 27. Qxg7 Qe5 28. Qg8 a6 29. Be2 Nf6 30. Qf8 Nfd7 31. Qg8 Kb6 32. Bg4 Ka7 33. Qf7 Nb6 34. Rd1 e3 35. Be6 a5 36. Qf3 Na6 37. Qe2 Rf8 38. Bg4 Rf2 39. Qe1 Qe4 40. Bf3 Rxf3 41. gxf3 Qxf3+ 42. Kg1 Nxd5 0-1

[Event "Antananarivo Elo May"]
[Site "Antananarivo"]
[Date "2022.05.08"]
[Round "4"]
[White "Razanadrakotoarisoa, Toavina"]
[Black "Rakotoarimalala, Francois Jean"]
[Result "1-0"]
[WhiteElo "2003"]
[BlackElo "1720"]
[PlyCount "62"]
[EventDate "2022.05.07"]
[EventType "swiss"]
[EventRounds "6"]
[EventCountry "MAD"]
[SourceTitle "EXT 2023"]
[Source "ChessBase"]
[SourceDate "2022.10.05"]
[SourceVersion "1"]
[SourceVersionDate "2022.10.05"]
[SourceQuality "1"]

1. d4 d5 2. Bf4 e6 3. e3 Nf6 4. Nd2 c5 5. c3 Nc6 6. Ngf3 Bd6 7. Bg3 c4 8. b3 cxb3 9. axb3 0-0 10. Bd3 a6 11. Qc2 Qc7 12. Bh4 h6 13. Bxf6 gxf6 14. e4 Re8 15. 0-0 Bd7 16. exd5 exd5 17. Rfc1 Rac8 18. g3 Bf8 19. Nf1 Qd6 20. Qd2 Bh3 21. Ne3 Ne7 22. Nh4 Qd7 23. Qd1 Rc6 24. Qf3 f5 25. Nexf5 Bxf5 26. Nxf5 Nxf5 27. Bxf5 Qc7 28. Re1 Rd8 29. Re3 Bg7 30. Rae1 Kf8 31. Qxd5 Rxc3 1-0

[Event "Cappelle Online Blitz op"]
[Site "Europe Echecs INT"]
[Date "2022.01.09"]
[Round "6"]
[White "Vardan, Nagpal"]
[Black "Razanadrakotoarisoa, Toavina"]
[Result "0-1"]
[WhiteElo "2378"]
[BlackElo "2027"]
[PlyCount "124"]
[EventDate "2022.01.09"]
[EventType "swiss (blitz)"]
[EventRounds "11"]
[EventCountry "FRA"]
[SourceTitle "EXT 2023"]
[Source "ChessBase"]
[SourceDate "2022.10.05"]
[SourceVersion "1"]
[SourceVersionDate "2022.10.05"]
[SourceQuality "1"]

1. d4 Nf6 2. Nf3 e6 3. Bg5 Be7 4. Nbd2 d5 5. Bxf6 Bxf6 6. e4 dxe4 7. Nxe4 Be7 8. Bd3 Nd7 9. Qe2 b6 10. 0-0-0 Bb7 11. h4 Nf6 12. h5 h6 13. c4 c6 14. g4 Qc7 15. Ne5 c5 16. Kb1 cxd4 17. f4 Rf8 18. Rhe1 0-0-0 19. a3 Kb8 20. Rc1 Nd7 21. Nxd7+ Rxd7 22. Rf1 Rc8 23. f5 e5 24. Rc2 f6 25. Rfc1 Qd8 26. b4 a5 27. Rb2 axb4 28. axb4 Qf8 29. Qd2 Rdc7 30. Rcc2 Bxe4 31. Bxe4 Rxc4 32. Rxc4 Rxc4 33. Qd3 Qc8 34. Qa3 Rc1+ 35. Ka2 Qc4+ 36. Rb3 Qe2+ 37. Qb2 Qxb2+ 38. Kxb2 Rg1 39. Ra3 Bxb4 40. Ra8+ Kc7 41. Ra7+ Kd6 42. Rxg7 Bc3+ 43. Kc2 Rg2+ 44. Kb3 Rg3 45. Kc4 Bd2 46. Kb5 Rb3+ 47. Kc4 Rb4+ 48. Kd3 Bg5 49. Rb7 Kc5 50. Rc7+ Kb5 51. Bd5 Rb2 52. Bf7 Rd2+ 53. Ke4 Re2+ 54. Kd5 d3 55. Be8+ Kb4 56. Rc4+ Kb3 57. Ba4+ Ka3 58. Bd1 Rd2 59. Bf3 Rc2 60. Re4 d2 61. Be2 Rc5+ 62. Ke6 b5 0-1

[Event "Tetraktys Concept Mgmt"]
[Site "Europe Echecs INT"]
[Date "2021.06.06"]
[Round "5"]
[White "Godon, Philippe"]
[Black "Razanadrakotoarisoa, Toavina"]
[Result "0-1"]
[WhiteElo "1818"]
[BlackElo "2028"]
[PlyCount "88"]
[EventDate "2021.06.06"]
[EventType "swiss (blitz)"]
[EventRounds "11"]
[EventCountry "FRA"]
[SourceTitle "CBM 202 Extra"]
[Source "ChessBase"]
[SourceDate "2021.07.31"]
[SourceVersion "1"]
[SourceVersionDate "2021.07.31"]
[SourceQuality "1"]

1. e4 c5 2. Nf3 d6 3. d4 cxd4 4. Nxd4 Nf6 5. Nc3 a6 6. f3 e5 7. Nb3 Be6 8. Be3 Be7 9. Qd2 0-0 10. 0-0-0 b5 11. g4 b4 12. Nd5 Bxd5 13. exd5 a5 14. Nc5 a4 15. g5 Nh5 16. Ne4 b3 17. a3 bxc2 18. Kxc2 Nd7 19. Kb1 Qa5 20. Bh3 Rfd8 21. Qe2 Nf4 22. Bxf4 exf4 23. Rhg1 Ne5 24. Nc3 Rab8 25. Qe4 Qxc3 26. Rg2 Qxf3 27. Qxf3 Nxf3 28. Rc2 Bxg5 29. Rc6 Bf6 30. Rf1 Rxb2+ 31. Kc1 Rb3 32. Kc2 Nd4+ 33. Kc1 Nxc6 34. dxc6 Rc3+ 35. Kd2 Rxc6 36. Re1 f3 37. Bg4 f2 38. Rf1 Rb6 39. Ke2 Rb2+ 40. Kf3 h6 41. Bf5 Rdb8 42. Be4 R8b3+ 43. Kg4 Rxa3 44. Kf5 Rb5+ 0-1

[Event "Tetraktys Concept Mgmt"]
[Site "Europe Echecs INT"]
[Date "2021.06.06"]
[Round "9"]
[White "Llari, Marc"]
[Black "Razanadrakotoarisoa, Toavina"]
[Result "0-1"]
[WhiteElo "1344"]
[BlackElo "2028"]
[PlyCount "132"]
[EventDate "2021.06.06"]
[EventType "swiss (blitz)"]
[EventRounds "11"]
[EventCountry "FRA"]
[SourceTitle "CBM 202 Extra"]
[Source "ChessBase"]
[SourceDate "2021.07.31"]
[SourceVersion "1"]
[SourceVersionDate "2021.07.31"]
[SourceQuality "1"]

1. e4 c5 2. Nf3 d6 3. d4 cxd4 4. Nxd4 Nf6 5. Nc3 a6 6. f3 e5 7. Nb3 Be6 8. Bg5 Be7 9. Qd2 h6 10. Bxf6 Bxf6 11. Nd5 Bg5 12. Qd3 Nc6 13. Be2 Bxd5 14. Qxd5 Nb4 15. Qc4 Qb6 16. a4 Nc6 17. a5 Qe3 18. Qd3 Nb4 19. Qd1 0-0 20. Ra4 Nc6 21. Qd3 Rad8 22. Qxe3 Bxe3 23. Bd3 d5 24. exd5 Rxd5 25. Ke2 Ba7 26. Re1 Rfd8 27. Be4 R5d6 28. Bxc6 Rxc6 29. c3 Rd5 30. Nd2 f5 31. Rd1 Rcd6 32. b4 Rd3 33. c4 Re3+ 34. Kf1 Red3 35. Ra2 Be3 36. Ke2 Bg5 37. g3 e4 38. f4 Bf6 39. Raa1 Bc3 40. Ra2 e3 41. c5 Rxd2+ 42. Raxd2 Rxd2+ 43. Rxd2 exd2 44. b5 Bxa5 45. bxa6 bxa6 46. c6 Kf7 47. c7 Bxc7 48. Kxd2 g5 49. Kc3 gxf4 50. gxf4 Bxf4 51. Kd3 Bxh2 52. Ke2 Bd6 53. Kf3 Ke6 54. Ke2 a5 55. Kf3 a4 56. Kg2 a3 57. Kf3 a2 58. Ke2 a1Q 59. Kf3 Qe5 60. Kf2 Qg3+ 61. Ke2 f4 62. Kd2 f3 63. Kc2 f2 64. Kb2 f1Q 65. Kc2 Qff2+ 66. Kd1 Qgg1# 0-1

[Event "Tetraktys Concept Mgmt"]
[Site "Europe Echecs INT"]
[Date "2021.06.06"]
[Round "10"]
[White "Razanadrakotoarisoa, Toavina"]
[Black "Javadzadeh, Kenan"]
[Result "1-0"]
[WhiteElo "2028"]
[BlackElo "1717"]
[PlyCount "67"]
[EventDate "2021.06.06"]
[EventType "swiss (blitz)"]
[EventRounds "11"]
[EventCountry "FRA"]
[SourceTitle "CBM 202 Extra"]
[Source "ChessBase"]
[SourceDate "2021.07.31"]
[SourceVersion "1"]
[SourceVersionDate "2021.07.31"]
[SourceQuality "1"]

1. e4 c5 2. Nf3 Nc6 3. Bb5 g6 4. c3 Nf6 5. Qe2 Bg7 6. 0-0 a6 7. Bxc6 bxc6 8. d4 cxd4 9. cxd4 0-0 10. Nc3 Rb8 11. Bf4 d6 12. h3 Qb6 13. Rab1 Be6 14. Rfd1 Qb4 15. Qe3 Rfc8 16. Bh6 c5 17. Bxg7 Kxg7 18. d5 Bd7 19. a3 Qc4 20. e5 Nh5 21. exd6 exd6 22. Qe7 Bf5 23. Rbc1 Rd8 24. Ng5 Rd7 25. Qe3 Nf4 26. g3 Nxh3+ 27. Nxh3 Bxh3 28. Ne4 Qb3 29. Qf4 Bf5 30. Nxd6 Qxb2 31. Nxf5+ gxf5 32. Qg5+ Kh8 33. Qxf5 Rd6 34. Rb1 1-0

[Event "Wch FIDE Online U18 Africa qual"]
[Site "Tornelo INT"]
[Date "2020.11.30"]
[Round "7"]
[White "Razanadrakotoarisoa, Toavina"]
[Black "Beukes, Dante M"]
[Result "1-0"]
[WhiteElo "1933"]
[BlackElo "2129"]
[PlyCount "77"]
[EventDate "2020.11.28"]
[EventType "swiss (rapid)"]
[EventRounds "7"]
[EventCountry "ISS"]
[SourceTitle "EXT 2022"]
[Source "ChessBase"]
[SourceDate "2021.10.06"]
[SourceVersion "1"]
[SourceVersionDate "2021.10.06"]
[SourceQuality "1"]

1. c4 Nf6 2. Nc3 g6 3. d4 Bg7 4. e4 d6 5. Nf3 0-0 6. Be2 e5 7. d5 a5 8. Bg5 h6 9. Be3 Ng4 10. Bd2 f5 11. h3 Nf6 12. exf5 gxf5 13. Qc1 Kh7 14. g4 Ne4 15. Nxe4 fxe4 16. Qc2 Nd7 17. Qxe4+ Kg8 18. g5 Nc5 19. Qh4 e4 20. Nh2 Nd3+ 21. Bxd3 exd3 22. 0-0-0 h5 23. Qxh5 Qe8 24. g6 Rf6 25. Rhg1 Rf5 26. Qh7+ Kf8 27. Bh6 Bxh6+ 28. Qxh6+ Ke7 29. Rde1+ Re5 30. f4 Qa4 31. Qg7+ Kd8 32. Qf8+ Kd7 33. Qf7+ Kd8 34. Kb1 Qc2+ 35. Ka1 d2 36. fxe5 dxe1Q+ 37. Rxe1 Qxh2 38. Qf8+ Kd7 39. e6# 1-0

[Event "Wch FIDE Online U18 Africa qual"]
[Site "Tornelo INT"]
[Date "2020.11.30"]
[Round "6"]
[White "Santos, Iliano Silva"]
[Black "Razanadrakotoarisoa, Toavina"]
[Result "0-1"]
[WhiteElo "1419"]
[BlackElo "1933"]
[PlyCount "72"]
[EventDate "2020.11.28"]
[EventType "swiss (rapid)"]
[EventRounds "7"]
[EventCountry "ISS"]
[SourceTitle "EXT 2022"]
[Source "ChessBase"]
[SourceDate "2021.10.06"]
[SourceVersion "1"]
[SourceVersionDate "2021.10.06"]
[SourceQuality "1"]

1. d4 Nf6 2. c4 g6 3. Nc3 Bg7 4. e4 d6 5. Bf4 0-0 6. Nf3 Nc6 7. Be2 Bg4 8. h3 Bxf3 9. Bxf3 Nd7 10. Be3 e5 11. Ne2 exd4 12. Nxd4 Nce5 13. Be2 Qh4 14. Qc2 Nc5 15. Nb5 Qe7 16. 0-0 Nc6 17. a3 Nxe4 18. Nxc7 Qxc7 19. Qxe4 Bxb2 20. Ra2 Bg7 21. Bf4 Rfe8 22. Qd3 Be5 23. Be3 Rad8 24. Rd1 Ne7 25. Bf3 Nf5 26. Bd5 Nxe3 27. Qxe3 Bh2+ 28. Kxh2 Rxe3 29. fxe3 Kg7 30. Rd3 f5 31. g3 Re8 32. Kg2 b6 33. Kf3 Qc5 34. Rb2 Qa5 35. Rb1 Qa4 36. Rbb3 g5 0-1

[Event "Online Olym Div3 C"]
[Site "Chess.com INT"]
[Date "2020.08.08"]
[Round "4.1"]
[White "Razanadrakotoarisoa, Toavina"]
[Black "Uruci, Endrit"]
[Result "0-1"]
[WhiteElo "2028"]
[BlackElo "2237"]
[PlyCount "122"]
[EventDate "2020.08.07"]
[EventType "team-tourn (rapid)"]
[EventRounds "9"]
[EventCountry "USA"]
[SourceTitle "CBM 198"]
[Source "ChessBase"]
[SourceDate "2020.10.31"]
[SourceVersion "1"]
[SourceVersionDate "2020.10.31"]
[SourceQuality "1"]
[WhiteTeam "Madagascar"]
[BlackTeam "Kosovo"]
[WhiteTeamCountry "MAD"]
[BlackTeamCountry "KOS"]

1. e4 d5 2. exd5 Qxd5 3. Nc3 Qd6 4. d4 Nf6 5. Nf3 a6 6. Ne5 Nc6 7. Nxc6 Qxc6 8. Be3 e6 9. a3 Be7 10. h4 h5 11. Qf3 Qxf3 12. gxf3 b5 13. Ne4 Bb7 14. Bd3 g6 15. Ke2 Rd8 16. a4 b4 17. a5 Nd5 18. Nd2 0-0 19. Nb3 Kg7 20. Rag1 Rd7 21. Rh2 Rfd8 22. Rhg2 Nxe3 23. fxe3 Bd5 24. Nd2 c5 25. c3 bxc3 26. bxc3 cxd4 27. exd4 Bxh4 28. Bxa6 Ra7 29. Bd3 Rxa5 30. Rh2 Bf6 31. Ke3 Ra3 32. Nb1 Ra1 33. Rhg2 h4 34. Nd2 Rxg1 35. Rxg1 Kf8 36. Ne4 Be7 37. c4 Bc6 38. Rh1 f5 39. Nd2 Bf6 40. Nb3 Ba4 41. Bc2 Bxb3 42. Bxb3 Bxd4+ 43. Kf4 Bf6 44. c5 Kf7 45. Re1 g5+ 46. Ke3 Bc3 47. Re2 Bd4+ 48. Kd3 Bxc5+ 49. Kc4 Be7 50. Re5 Bf6 51. Re2 g4 52. fxg4 fxg4 53. Kc5 Re8 54. Kd6 Kg7 55. Bxe6 g3 56. Re4 Kh6 57. Rg4 Kh5 58. Rf4 Rxe6+ 59. Kxe6 g2 60. Kxf6 g1Q 61. Rf5+ Kh6 0-1

[Event "Online Olym Div3 C"]
[Site "Chess.com INT"]
[Date "2020.08.07"]
[Round "2.1"]
[White "Razanadrakotoarisoa, Toavina"]
[Black "Moazaz, Dhahir Habeeb"]
[Result "1-0"]
[WhiteElo "2028"]
[BlackElo "2001"]
[PlyCount "81"]
[EventDate "2020.08.07"]
[EventType "team-tourn (rapid)"]
[EventRounds "9"]
[EventCountry "USA"]
[SourceTitle "CBM 198"]
[Source "ChessBase"]
[SourceDate "2020.10.31"]
[SourceVersion "1"]
[SourceVersionDate "2020.10.31"]
[SourceQuality "1"]
[WhiteTeam "Madagascar"]
[BlackTeam "Iraq"]
[WhiteTeamCountry "MAD"]
[BlackTeamCountry "IRQ"]

1. e4 e5 2. Nf3 Nc6 3. Bc4 Bc5 4. d4 exd4 5. Ng5 Nh6 6. Bxf7+ Nxf7 7. Nxf7 Kxf7 8. Qh5+ g6 9. Qxc5 d6 10. Qb5 Re8 11. 0-0 Rxe4 12. Qd5+ Re6 13. Bg5 Qe8 14. Nd2 Kg7 15. Nf3 Re4 16. Rae1 Bf5 17. b4 a6 18. a4 h6 19. Bd2 Qg8 20. Qxg8+ Rxg8 21. b5 axb5 22. axb5 Ne5 23. Rxe4 Bxe4 24. Nxd4 c5 25. Re1 Bd5 26. Ne2 Kh7 27. Nc3 Bc4 28. Ne4 Rd8 29. b6 Bb5 30. Bc3 g5 31. Bxe5 dxe5 32. Nxc5 Bc6 33. f3 Rd5 34. Nd3 Rb5 35. Rxe5 Rxb6 36. Kf2 Rb5 37. Rxb5 Bxb5 38. Ke3 Kg6 39. Kd4 b6 40. c4 Bd7 41. Ne5+ 1-0

[Event "Africa-ch U16"]
[Site "Windhoek"]
[Date "2019.12.17"]
[Round "3.3"]
[White "Vasco Mateus, Felizardo Viagei"]
[Black "Razanadrakotoarisoa, Toavina"]
[Result "0-1"]
[WhiteElo "1948"]
[BlackElo "1983"]
[PlyCount "60"]
[EventDate "2019.12.16"]
[EventType "swiss"]
[EventRounds "9"]
[EventCountry "NAM"]
[SourceTitle "EXT 2024"]
[Source "ChessBase"]
[SourceDate "2023.10.10"]
[SourceVersion "1"]
[SourceVersionDate "2023.10.10"]
[SourceQuality "1"]

1. e4 c5 2. Nf3 d6 3. d4 cxd4 4. Nxd4 Nf6 5. Nc3 a6 6. f3 e5 7. Nb3 Be7 8. Be3 Be6 9. Qd2 Nbd7 10. 0-0-0 0-0 11. g4 b5 12. h4 Qc7 13. h5 b4 14. Nd5 Bxd5 15. exd5 Rfc8 16. Rh2 a5 17. Kb1 a4 18. Nc1 Ra5 19. Nd3 b3 20. Nb4 Nxd5 21. Nxd5 Rxd5 22. Qxd5 bxc2+ 23. Kc1 cxd1Q+ 24. Kxd1 Nf6 25. Qd2 Qc6 26. Rf2 a3 27. b3 Nd5 28. Bc4 Nxe3+ 29. Qxe3 d5 30. Bd3 Bc5 0-1

[Event "Africa-ch U16"]
[Site "Windhoek"]
[Date "2019.12.16"]
[Round "1.2"]
[White "George, Method"]
[Black "Razanadrakotoarisoa, Toavina"]
[Result "1/2-1/2"]
[WhiteElo "1432"]
[BlackElo "1983"]
[PlyCount "87"]
[EventDate "2019.12.16"]
[EventType "swiss"]
[EventRounds "9"]
[EventCountry "NAM"]
[SourceTitle "EXT 2024"]
[Source "ChessBase"]
[SourceDate "2023.10.10"]
[SourceVersion "1"]
[SourceVersionDate "2023.10.10"]
[SourceQuality "1"]

1. e4 c5 2. Nf3 d6 3. g3 Nc6 4. Bg2 Nf6 5. d3 g6 6. 0-0 Bg7 7. Nbd2 Rb8 8. c3 0-0 9. Re1 Qc7 10. Qe2 e5 11. Nf1 Be6 12. Ne3 Ng4 13. Ng5 Nxe3 14. Nxe6 fxe6 15. Bxe3 b5 16. a3 a5 17. Rac1 a4 18. h4 Na5 19. Rc2 Nb3 20. Rf1 Qf7 21. f4 Qe7 22. fxe5 Bxe5 23. Qg4 Rbe8 24. h5 Rxf1+ 25. Bxf1 Qg7 26. hxg6 Qxg6 27. Qxg6+ hxg6 28. Bf4 Bxf4 29. gxf4 Rf8 30. Bh3 Kf7 31. Rf2 Nc1 32. Bf1 Kg7 33. Rc2 Nb3 34. Rf2 Rb8 35. f5 gxf5 36. exf5 e5 37. f6+ Kh6 38. Bg2 Nc1 39. Be4 d5 40. f7 dxe4 41. f8Q+ Rxf8 42. Rxf8 exd3 43. Kf2 c4 44. Rd8 1/2-1/2

[Event "Antananarivo zt 4.3"]
[Site "Antananarivo"]
[Date "2019.04.28"]
[Round "3"]
[White "Razanadrakotoarisoa, Toavina"]
[Black "Oatlhotse, Providence"]
[Result "1-0"]
[WhiteElo "2004"]
[BlackElo "2326"]
[PlyCount "83"]
[EventDate "2019.04.27"]
[EventType "swiss"]
[EventRounds "9"]
[EventCountry "MAD"]
[SourceTitle "EXT 2020"]
[Source "ChessBase"]
[SourceDate "2019.10.17"]
[SourceVersion "1"]
[SourceVersionDate "2019.10.17"]
[SourceQuality "1"]

1. e4 c6 2. d4 d5 3. exd5 cxd5 4. c4 Nf6 5. Nc3 g6 6. Be2 dxc4 7. Bxc4 Bg7 8. Nf3 0-0 9. h3 a6 10. Bb3 b5 11. a3 Bb7 12. Be3 Nbd7 13. 0-0 Nb6 14. Ne5 Nfd5 15. Nd3 Nxc3 16. bxc3 Bd5 17. Re1 Bxb3 18. Qxb3 Qd5 19. Qxd5 Nxd5 20. Bd2 Rfc8 21. Rec1 Nb6 22. Nc5 e5 23. Be3 Bf8 24. Ne4 Nc4 25. a4 Ba3 26. Rcb1 f5 27. Nf6+ Kg7 28. dxe5 Bb2 29. Rxb2 Nxb2 30. axb5 axb5 31. Rb1 Ra2 32. Bd4 Kf7 33. Nd5 Rca8 34. e6+ Kg8 35. Kh2 f4 36. Nb4 Ra1 37. Rxb2 Re1 38. Nd3 Rxe6 39. Nxf4 Rd6 40. Rxb5 Rad8 41. Be5 Rd2 42. Bd4 1-0